000 00839cam a2200265 a 4500
001 000005526
005 20260318114930.0
008 930601s1998 sp a b 000 1 spa
020 _a8437611199
040 _aDO-SdBNP
_bspa
_cBNPHU
082 _aA863.42
_bA725s, 1998
100 1 _aArlt, Roberto,
_d1900-1942
_915634
245 1 4 _aLos siete locos /
_cRoberto Arlt ; edición de Flora Guzmán.
250 _a3a ed.
260 _aMadrid :
_bCátedra,
_c1998.
300 _a336 p. :
_bil. ;
_c18 cm.
490 1 _aLetras hispánicas
_v353
504 _aIncluye referencias bibliográficas : (p. 77-80).
650 4 _aNovela argentina
_93941
650 4 _aLiteratura argentina
_ySIGLO XX
_914711
700 1 _aGuzmán, Flora,
_eed.
_913429
830 0 _aLetras hispánicas ;
_v353
_94208
910 _aCatalogación derivada
910 _aWM
999 _c5325
_d5325